UBT Library

Methods in gene biotechnology / (Record no. 40199)

000 -LEADER
fixed length control field 00724cam a2200229 a 4500
001 - CONTROL NUMBER
control field 4473426
005 - DATE AND TIME OF LATEST TRANSACTION
control field 20180112051010.0
008 - FIXED-LENGTH DATA ELEMENTS--GENERAL INFORMATION
fixed length control field 961121s1997 flua b 001 0 eng
010 ## - LIBRARY OF CONGRESS CONTROL NUMBER
LC control number 96049213
020 ## - INTERNATIONAL STANDARD BOOK NUMBER
International Standard Book Number 0849326591 (acidfree paper)
040 ## - CATALOGING SOURCE
Original cataloging agency DLC
Transcribing agency DLC
Modifying agency DLC
041 ## - LANGUAGE CODE
Language code of text/sound track or separate title eng
080 ## - UNIVERSAL DECIMAL CLASSIFICATION NUMBER
Universal Decimal Classification number 572.86.072 WIL
082 00 - DEWEY DECIMAL CLASSIFICATION NUMBER
Classification number 572.86.072 WIL
Edition number 21
100 ## - Rafti
Rafti 12
101 ## - Shkurtesa
Shkurtesa BIO
245 00 - TITLE STATEMENT
Title Methods in gene biotechnology /
Statement of responsibility, etc William Wu ... [et al.].
504 ## - BIBLIOGRAPHY, ETC. NOTE
Bibliography, etc Includes bibliographical references and index.
906 ## - LOCAL DATA ELEMENT F, LDF (RLIN)
a 7
b cbc
c orignew
d 1
e ocip
f 19
g y-gencatlg
942 ## - ADDED ENTRY ELEMENTS (KOHA)
Source of classification or shelving scheme
Item type Books
Holdings
Withdrawn status Lost status Source of classification or shelving scheme Damaged status Not for loan Permanent location Current location Date acquired Total Checkouts Full call number Barcode Date last seen Price effective from Koha item type
          UBT - Lipjan UBT - Lipjan 01/12/2018   572.86.072 WIL 002-2994912 01/12/2018 01/12/2018 Books
UBT Library © 2015-2024. All rights reserved University Education for Business and Technology